000 01389camaa22003972i 4500
001 14676087
003 EG-GICUC
005 20260604111507.0
008 061219s2007 waua jr 001 0 eng
010 _a 2006940673
020 _a9780735622494
_qpbk.
020 _a0735622493
_qpbk.
040 _aDLC
_cDLC
_dDLC
_dEG-GICUC
_beng
_erda
050 0 0 _aHD69.T54
_bB973 2007
082 0 4 _221
_a005.367
_bB9966
092 0 4 _221
_a005.367
_bB9966
099 _a005.367 B9966
100 1 _aByrne, Randy.
_eAuthor.
245 1 0 _aProgramming applications for Microsoft Outlook 2007 /
_cRandy Byrne, Ryan Gregg.
264 _aRedmond, Wash. :
_bMicrosoft Press,
_cc2007.
300 _axxxvi, 568 pages :
_billustrations ;
_c24 cm.
336 _atext
_btxt
_2rdacontent
337 _aunmediated
_bn
_2rdamedia
338 _avolume
_bnc
_2rdacarrier
500 _aIncludes index.
504 _aBibliography: pages 543-568.
541 _aوزارة الثقافة ؛
_bالقاهرة ؛
_cإهداء ؛
_d2023.
630 0 0 _aMicrosoft Outlook.
650 0 _aApplication software
_xDevelopment.
650 0 _aTime management
_xComputer programs.
650 0 _aPersonal information management
_xComputer programs.
700 1 _aGregg, Ryan.
_eAuthor.
856 4 1 _3Table of contents only
_uhttp://www.loc.gov/catdir/toc/fy0714/2006940673.html
905 _aSamah
942 _2ddc
_cBK
_e21
_n0
999 _c180367
_d180367